000 004230000a22001690004500
003 MACL
005 20160110134045.0
008 160110b xxu||||| |||| 00| 0 eng d
040 _aMACL
_cMACL
041 _aEnglish
082 _a780/POP
100 _aPopley, Herbert A
_930943
245 _aThe Music of India
260 _bAssociated Publishing Com
_c1921
_aLondon
650 _aMusic
_930944
942 _cBK
_k780/Pop
_2ddc
999 _c35329
_d35329